Jesus Christ Superstar songs - Statistics

General Stats
  • This quiz has been taken 81 times
  • The average score is 17 of 27
Answer Stats
Hint Answer % Correct
2 Heaven On Their Minds
86%
13 I Don't Know How To Love Him
79%
1 Overture
79%
3 What's The Buzz?
79%
10 Pilate's Dream
77%
5 Everything's Alright
74%
12 Everything's Alright (Reprise)
74%
17 Gethsemane (I Only Want To Say)
74%
25 Superstar
72%
16 The Last Supper
68%
6 This Jesus Must Die
68%
7 Hosanna
67%
11 The Temple
67%
21 King Herod's Song
63%
23 Judas' Death
60%
22 Could We Start Again Please?
58%
14 Damned For All Time
58%
15 Blood Money
56%
19 Peter's Denial
56%
26 The Crucifixion
53%
8 Simon Zealotes
51%
4 Strange Thing Mystifying
51%
18 The Arrest
51%
9 Poor Jerusalem
47%
24 Trial Before Pilate
46%
20 Pilate and Christ
44%
27 John 19:41
28%
No matching quizzes found
Score Distribution
Percent of People with Each Score
Percentile by Number Answered
Your Score History
You have not taken this quiz